Normal view MARC view

Entry Nombre personal

Number of records used in: 5

001 - NÚMERO DE CONTROL

  • campo de control: 1031

003 - IDENTIFICADOR DE NÚMERO DE CONTROL

  • campo de control: DLC

005 - FECHA Y HORA DE LA ÚLTIMA TRANSACCIÓN

  • campo de control: 20260408085908.0

008 - ELEMENTOS DE DATO DE LONGITUD-FIJA

  • campo de control de longitud fija: 171212n| azannaabn |a aaa

010 ## - NÚMERO DE CONTROL DE LA BIBLIOTECA DEL CONGRESO

  • Número de control de LC: n 2017073564

040 ## - FUENTE DE CATALOGACIÓN

  • Centro catalogador/agencia de origen: DLC
  • Lengua de catalogación: eng
  • Normas de descripción: rda
  • Centro/agencia transcriptor: DLC

100 1# - ENCABEZAMIENTO-NOMBRE DE PERSONA

  • Nombre de persona: Claudio Cifuentes, Juan,
  • Fechas asociadas al nombre: 1941-2015

400 1# - TRAZADO DE VÉASE--NOMBRE DE PERSONA

  • Nombre de persona: Cifuentes, Juan Claudio,
  • Fechas asociadas al nombre: 1941-2015

400 0# - TRAZADO DE VÉASE--NOMBRE DE PERSONA

  • Nombre de persona: Cifu,
  • Fechas asociadas al nombre: 1941-2015

670 ## - FUENTE DE DATOS ENCONTRADOS

  • Cita de la fuente: Juan Claudio Cifuentes, 2017:
  • Información encontrada: t.p. (Juan Claudio Cifuentes)

670 ## - FUENTE DE DATOS ENCONTRADOS

  • Cita de la fuente: Wikipedia, Dec. 12, 2017:
  • Información encontrada: (Juan Claudio Cifuentes; b. Apr. 20, 1941, Paris, of Spanish parents; radio and television broadcaster and personality; specialized in jazz music; known as Cifu; d. Mar. 17, 2015, Madrid)